00543nam a22001697a 450000500170000001000150001702000260003203500140005803700130007208200110008510000220009624500740011826000380019227000780023030000260030850000390033420180810104000.0 aENG-123710 a9789384402327c895.00 aEN-107242 bDBAD/PUB a305.56 aMishra, Saroj Kr. aDr. Bhim Rao Ambedkhar:cby Saroj Kr. Mishrabthe man of millennium / bGyan Geeta Prakashanc2017aDelhi aF-7, Gali No. 1, Panchsheel Garden Extn., Naveen Shahdara,bDelhie110032 aviii,288p. c22cm(Hb) aIt includes bibliography and index